[Event "Greek Team Championship"]
[Site "chess24.com"]
[Date "2017.07.05"]
[Round "4"]
[White "Karagiannis, Emmanouil"]
[Black "Marinakis, Hristos"]
[Result "0-1"]
[Board "9"]
[WhiteElo "1338"]
[WhiteCountry "GRE"]
[WhiteFideId "4292197"]
[WhiteEloChange "-2"]
[BlackElo "1842"]
[BlackCountry "GRE"]
[BlackFideId "4294661"]
[BlackEloChange "2"]

1. e4 {[%clk 1:30:58]} e5 {[%clk 1:30:54]} 2. Nf3 {[%clk 1:31:23]} Nc6 {[%clk
1:31:18]} 3. d4 {[%clk 1:31:49]} exd4 {[%clk 1:31:43]} 4. Bc4 {[%clk 1:32:12]}
Nf6 {[%clk 1:32:00]} 5. e5 {[%clk 1:32:28]} d5 {[%clk 1:32:20]} 6. Bb5 {[%clk
1:32:54]} Ne4 {[%clk 1:32:33]} 7. Nxd4 {[%clk 1:33:05]} Bd7 {[%clk 1:32:39]} 8.
O-O {[%clk 1:30:06]} Bc5 {[%clk 1:20:34]} 9. Bxc6 {[%clk 1:29:05]} bxc6 {[%clk
1:20:55]} 10. f3 {[%clk 1:28:55]} Ng5 {[%clk 1:21:01]} 11. f4 {[%clk 1:29:19]}
Ne4 {[%clk 1:19:27]} 12. Be3 {[%clk 1:27:30]} Qe7 {[%clk 1:15:06]} 13. Nd2 {[%clk
1:26:05]} Nxd2 {[%clk 1:13:44]} 14. Qxd2 {[%clk 1:26:29]} O-O {[%clk 1:12:35]}
15. Rae1 {[%clk 1:05:51]} Rfe8 {[%clk 1:07:10]} 16. Nb3 {[%clk 0:57:09]} Bb6
{[%clk 0:57:15]} 17. Bxb6 {[%clk 0:48:25]} axb6 {[%clk 0:56:32]} 18. f5 {[%clk
0:47:07]} Qh4 {[%clk 0:47:44]} 19. Rf3 {[%clk 0:39:15]} Ra4 {[%clk 0:42:07]} 20.
c3 {[%clk 0:09:59]} Re4 {[%clk 0:32:43]} 21. g3 {[%clk 0:03:08]} Rxe1+ {[%clk
0:31:03]} 22. Qxe1 {[%clk 0:03:29]} Qh5 {[%clk 0:31:28]} 23. Rf2 {[%clk 0:02:26]}
Bxf5 {[%clk 0:30:57]} 24. Nd4 {[%clk 0:02:47]} Bd7 {[%clk 0:31:15]} 25. Re2
{[%clk 0:02:03]} Qg6 {[%clk 0:26:33]} 26. Qd2 {[%clk 0:01:22]} h6 {[%clk
0:21:41]} 27. Qf4 {[%clk 0:01:40]} c5 {[%clk 0:21:24]} 28. Nf3 {[%clk 0:00:45]}
Bh3 {[%clk 0:16:48]} 29. Re1 {[%clk 0:00:48]} Qc2 {[%clk 0:14:17]} 30. Qd2 {[%clk
0:00:41]} Qxd2 {[%clk 0:14:02]} 31. Nxd2 {[%clk 0:01:10]} Bg4 {[%clk 0:13:59]}
32. Kf2 {[%clk 0:01:21]} Kf8 {[%clk 0:14:05]} 33. Nf1 {[%clk 0:01:09]} Bd7 {[%clk
0:13:54]} 34. Nd2 {[%clk 0:00:51]} Ke7 {[%clk 0:12:06]} 35. Nf3 {[%clk 0:00:34]}
Ra8 {[%clk 0:10:52]} 36. a3 {[%clk 0:00:54]} Ra4 {[%clk 0:11:11]} 37. Re2 {[%clk
0:00:34]} Bg4 {[%clk 0:08:46]} 38. Re1 {[%clk 0:00:56]} b5 {[%clk 0:07:39]} 39.
Nd2 {[%clk 0:00:37]} b4 {[%clk 0:05:14]} 40. Nb1 {[%clk 0:30:36]} Bf5 {[%clk
0:35:15]} 41. axb4 {[%clk 0:22:43]} cxb4 {[%clk 0:35:37]} 42. cxb4 {[%clk
0:22:58]} Rxb4 {[%clk 0:36:00]} 43. Nc3 {[%clk 0:23:21]} Rxb2+ {[%clk 0:35:50]}
44. Kf3 {[%clk 0:23:21]} Rb3 {[%clk 0:27:14]} 45. Kf4 {[%clk 0:22:50]} Be6 {[%clk
0:26:32]} 46. Ne2 {[%clk 0:21:53]} g5# {[%clk 0:26:29]} 0-1

[Event "Greek Team Championship"]
[Site "chess24.com"]
[Date "2017.07.05"]
[Round "4"]
[White "Pantelakis, Lefteris"]
[Black "Gavriil, Odysseas-Panagiotis"]
[Result "0-1"]
[Board "10"]
[WhiteElo "1206"]
[WhiteCountry "GRE"]
[WhiteFideId "25800043"]
[WhiteEloChange "-2"]
[BlackElo "1679"]
[BlackCountry "GRE"]
[BlackFideId "4298012"]
[BlackEloChange "2"]

1. e4 {[%clk 1:30:57]} d6 {[%clk 1:30:50]} 2. d4 {[%clk 1:31:18]} Nf6 {[%clk
1:31:16]} 3. Nc3 {[%clk 1:31:35]} c6 {[%clk 1:31:37]} 4. Nf3 {[%clk 1:31:48]} Bg4
{[%clk 1:32:01]} 5. Bd3 {[%clk 1:31:31]} Nbd7 {[%clk 1:32:11]} 6. Be3 {[%clk
1:31:20]} e5 {[%clk 1:32:22]} 7. h3 {[%clk 1:28:53]} Bh5 {[%clk 1:32:30]} 8. O-O
{[%clk 1:28:52]} Be7 {[%clk 1:32:28]} 9. Be2 {[%clk 1:27:43]} Bg6 {[%clk
1:32:01]} 10. dxe5 {[%clk 1:23:48]} dxe5 {[%clk 1:32:18]} 11. Nd2 {[%clk
1:23:02]} Nc5 {[%clk 1:29:59]} 12. Bf3 {[%clk 1:21:26]} O-O {[%clk 1:29:54]} 13.
Nc4 {[%clk 1:11:14]} Qc7 {[%clk 1:29:05]} 14. Bxc5 {[%clk 1:10:01]} Bxc5 {[%clk
1:29:27]} 15. Qe2 {[%clk 1:03:24]} b5 {[%clk 1:29:27]} 16. Nd2 {[%clk 1:03:11]}
a5 {[%clk 1:29:06]} 17. a4 {[%clk 0:57:38]} b4 {[%clk 1:28:30]} 18. Nb3 {[%clk
0:55:53]} Bb6 {[%clk 1:23:21]} 19. Nb1 {[%clk 0:53:41]} Ne8 {[%clk 1:19:17]} 20.
N1d2 {[%clk 0:49:10]} Nd6 {[%clk 1:19:27]} 21. Nc4 {[%clk 0:48:16]} Nxc4 {[%clk
1:19:45]} 22. Qxc4 {[%clk 0:48:27]} Rfd8 {[%clk 1:14:52]} 23. c3 {[%clk 0:44:50]}
c5 {[%clk 1:12:32]} 24. Rad1 {[%clk 0:42:43]} Rxd1 {[%clk 0:56:31]} 25. Rxd1
{[%clk 0:43:00]} Kh8 {[%clk 0:50:04]} 26. Rd5 {[%clk 0:38:01]} f6 {[%clk
0:48:06]} 27. Qb5 {[%clk 0:25:44]} Be8 {[%clk 0:47:59]} 28. Qe2 {[%clk 0:20:51]}
Bf7 {[%clk 0:48:06]} 29. c4 {[%clk 0:20:29]} Bxd5 {[%clk 0:47:50]} 30. exd5
{[%clk 0:20:48]} Qd7 {[%clk 0:47:03]} 31. d6 {[%clk 0:19:35]} Rd8 {[%clk
0:47:00]} 32. Bd5 {[%clk 0:19:27]} Qxd6 {[%clk 0:46:25]} 33. Nd2 {[%clk 0:19:42]}
Qe7 {[%clk 0:43:08]} 34. f4 {[%clk 0:17:44]} Re8 {[%clk 0:41:52]} 35. f5 {[%clk
0:17:25]} e4 {[%clk 0:37:07]} 36. Nxe4 {[%clk 0:10:58]} Qe5 {[%clk 0:36:32]} 37.
Qh5 {[%clk 0:04:53]} Qd4+ {[%clk 0:35:53]} 38. Kf1 {[%clk 0:04:53]} Rxe4 {[%clk
0:26:42]} 39. Qf7 {[%clk 0:02:31]} Rf4+ {[%clk 0:26:28]} 40. Ke2 {[%clk 0:32:50]}
Rf2+ {[%clk 0:56:44]} 41. Ke1 {[%clk 0:33:06]} Qd2# {[%clk 0:57:07]} 0-1

[Event "Greek Team Championship"]
[Site "chess24.com"]
[Date "2017.07.05"]
[Round "4"]
[White "Grigorov, Grigor"]
[Black "Nedev, Trajko"]
[Result "1-0"]
[Board "1"]
[WhiteElo "2503"]
[WhiteTitle "GM"]
[WhiteCountry "BUL"]
[WhiteFideId "2907313"]
[WhiteEloChange "5"]
[BlackElo "2481"]
[BlackTitle "GM"]
[BlackCountry "MKD"]
[BlackFideId "15000605"]
[BlackEloChange "-5"]

1. d4 {[%clk 1:30:54]} Nf6 {[%clk 1:30:54]} 2. Nf3 {[%clk 1:31:12]} g6 {[%clk
1:31:13]} 3. g3 {[%clk 1:31:36]} Bg7 {[%clk 1:31:25]} 4. Bg2 {[%clk 1:31:54]} d5
{[%clk 1:31:31]} 5. O-O {[%clk 1:32:07]} O-O {[%clk 1:31:56]} 6. Nbd2 {[%clk
1:31:59]} Na6 {[%clk 1:22:44]} 7. b3 {[%clk 1:28:23]} c5 {[%clk 1:18:12]} 8. Bb2
{[%clk 1:28:33]} cxd4 {[%clk 1:17:29]} 9. Bxd4 {[%clk 1:28:38]} Nb4 {[%clk
1:17:28]} 10. c4 {[%clk 1:18:46]} Bf5 {[%clk 0:49:47]} 11. cxd5 {[%clk 1:08:24]}
Nfxd5 {[%clk 0:46:13]} 12. Bxg7 {[%clk 1:08:14]} Kxg7 {[%clk 0:46:39]} 13. Qc1
{[%clk 1:07:06]} Rc8 {[%clk 0:38:34]} 14. Qb2+ {[%clk 1:07:25]} Nf6 {[%clk
0:38:49]} 15. Rac1 {[%clk 1:02:52]} Qa5 {[%clk 0:34:34]} 16. a3 {[%clk 1:00:40]}
Nc6 {[%clk 0:34:39]} 17. b4 {[%clk 0:55:07]} Qb5 {[%clk 0:34:13]} 18. Nb3 {[%clk
0:47:52]} Bg4 {[%clk 0:33:00]} 19. Rc5 {[%clk 0:41:57]} Qb6 {[%clk 0:33:26]} 20.
h3 {[%clk 0:39:04]} Be6 {[%clk 0:32:58]} 21. Nbd2 {[%clk 0:33:36]} h6 {[%clk
0:22:34]} 22. Rfc1 {[%clk 0:30:02]} a5 {[%clk 0:19:28]} 23. Nc4 {[%clk 0:24:59]}
Bxc4 {[%clk 0:18:56]} 24. R5xc4 {[%clk 0:25:19]} axb4 {[%clk 0:19:11]} 25. Ne5
{[%clk 0:23:49]} Qa6 {[%clk 0:16:50]} 26. axb4 {[%clk 0:23:31]} Na7 {[%clk
0:14:06]} 27. Rc7 {[%clk 0:22:08]} Qd6 {[%clk 0:14:02]} 28. Rxc8 {[%clk 0:21:01]}
Rxc8 {[%clk 0:14:03]} 29. Rxc8 {[%clk 0:21:25]} Qd1+ {[%clk 0:13:22]} 30. Kh2
{[%clk 0:21:35]} Nxc8 {[%clk 0:13:49]} 31. Bxb7 {[%clk 0:21:33]} Nd6 {[%clk
0:13:39]} 32. Bc6 {[%clk 0:19:08]} Nc8 {[%clk 0:09:18]} 33. b5 {[%clk 0:16:08]}
Qd6 {[%clk 0:09:06]} 34. Nd7 {[%clk 0:15:48]} Na7 {[%clk 0:07:34]} 35. Ne5 {[%clk
0:12:08]} Nc8 {[%clk 0:07:05]} 36. e3 {[%clk 0:11:27]} Nb6 {[%clk 0:07:09]} 37.
Qd4 {[%clk 0:11:33]} h5 {[%clk 0:04:16]} 38. Qxb6 {[%clk 0:08:33]} Qxe5 {[%clk
0:04:45]} 39. Qd4 {[%clk 0:08:24]} Qc7 {[%clk 0:04:29]} 40. Kg2 {[%clk 0:38:17]}
Kg8 {[%clk 0:31:55]} 41. Qc5 {[%clk 0:35:25]} e6 {[%clk 0:29:00]} 42. b6 {[%clk
0:35:07]} Qb8 {[%clk 0:28:48]} 43. b7 {[%clk 0:35:03]} Kg7 {[%clk 0:28:23]} 44.
Bf3 {[%clk 0:31:05]} 1-0

[Event "Greek Team Championship"]
[Site "chess24.com"]
[Date "2017.07.05"]
[Round "4"]
[White "Giannoulakis, Lampros"]
[Black "Stojanovski, Dejan"]
[Result "1/2-1/2"]
[Board "2"]
[WhiteElo "2330"]
[WhiteTitle "FM"]
[WhiteCountry "GRE"]
[WhiteFideId "4247019"]
[WhiteEloChange "3"]
[BlackElo "2451"]
[BlackTitle "IM"]
[BlackCountry "MKD"]
[BlackFideId "15000796"]
[BlackEloChange "-2"]

1. d4 {[%clk 1:30:46]} Nf6 {[%clk 1:30:56]} 2. c4 {[%clk 1:31:06]} c5 {[%clk
1:31:21]} 3. d5 {[%clk 1:30:52]} b5 {[%clk 1:31:46]} 4. cxb5 {[%clk 1:31:18]} a6
{[%clk 1:32:14]} 5. bxa6 {[%clk 1:31:24]} Bxa6 {[%clk 1:32:39]} 6. Nc3 {[%clk
1:31:38]} d6 {[%clk 1:32:51]} 7. e4 {[%clk 1:31:21]} Bxf1 {[%clk 1:32:57]} 8.
Kxf1 {[%clk 1:31:46]} g6 {[%clk 1:33:10]} 9. Nf3 {[%clk 1:31:56]} Bg7 {[%clk
1:33:07]} 10. g3 {[%clk 1:32:14]} O-O {[%clk 1:33:24]} 11. Kg2 {[%clk 1:32:43]}
Nbd7 {[%clk 1:33:39]} 12. a4 {[%clk 1:32:42]} Qb6 {[%clk 1:30:22]} 13. Qe2 {[%clk
1:33:01]} Rfb8 {[%clk 1:29:30]} 14. Nb5 {[%clk 1:27:37]} Ne8 {[%clk 1:23:45]} 15.
Nd2 {[%clk 1:15:56]} Nc7 {[%clk 1:19:25]} 16. Nc4 {[%clk 1:15:14]} Qb7 {[%clk
1:19:40]} 17. Nxc7 {[%clk 1:13:41]} Qxc7 {[%clk 1:20:05]} 18. Bd2 {[%clk
1:03:53]} Qa7 {[%clk 1:00:49]} 19. Bc3 {[%clk 0:59:49]} Bxc3 {[%clk 0:58:51]} 20.
bxc3 {[%clk 1:00:14]} Qa6 {[%clk 0:58:13]} 21. Rhe1 {[%clk 0:37:56]} Rb3 {[%clk
0:51:00]} 22. Rac1 {[%clk 0:35:36]} Qxa4 {[%clk 0:42:38]} 23. e5 {[%clk 0:29:02]}
Nxe5 {[%clk 0:39:32]} 24. Nxe5 {[%clk 0:28:16]} dxe5 {[%clk 0:39:59]} 25. Qxe5
{[%clk 0:28:35]} Qd7 {[%clk 0:38:32]} 26. c4 {[%clk 0:27:09]} Rb7 {[%clk
0:37:28]} 27. Ra1 {[%clk 0:24:27]} Rba7 {[%clk 0:26:32]} 28. Rxa7 {[%clk
0:23:23]} Rxa7 {[%clk 0:26:53]} 29. Qb8+ {[%clk 0:20:50]} Kg7 {[%clk 0:27:19]}
30. Qe5+ {[%clk 0:21:16]} Kg8 {[%clk 0:27:45]} 31. Qb8+ {[%clk 0:21:16]} Kg7
{[%clk 0:28:10]} 32. Qe5+ {[%clk 0:21:43]} Kg8 {[%clk 0:28:34]} 33. Rb1 {[%clk
0:19:26]} Ra8 {[%clk 0:27:42]} 34. Re1 {[%clk 0:16:00]} 1/2-1/2

[Event "Greek Team Championship"]
[Site "chess24.com"]
[Date "2017.07.05"]
[Round "4"]
[White "Iskos, Alexandros"]
[Black "Lagopatis, Nikolaos"]
[Result "1/2-1/2"]
[Board "3"]
[WhiteElo "2169"]
[WhiteCountry "GRE"]
[WhiteFideId "4208676"]
[WhiteEloChange "-1"]
[BlackElo "2130"]
[BlackTitle "CM"]
[BlackCountry "GRE"]
[BlackFideId "4200489"]
[BlackEloChange "1"]

1. e4 {[%clk 1:30:56]} d6 {[%clk 1:30:22]} 2. d4 {[%clk 1:31:23]} Nf6 {[%clk
1:29:28]} 3. Nc3 {[%clk 1:31:49]} e5 {[%clk 1:29:16]} 4. dxe5 {[%clk 1:31:37]}
dxe5 {[%clk 1:29:34]} 5. Qxd8+ {[%clk 1:32:03]} Kxd8 {[%clk 1:29:47]} 6. Bg5
{[%clk 1:32:30]} Be6 {[%clk 1:29:45]} 7. O-O-O+ {[%clk 1:32:15]} Nd7 {[%clk
1:29:54]} 8. f4 {[%clk 1:32:23]} exf4 {[%clk 1:29:02]} 9. Nf3 {[%clk 1:32:43]}
Kc8 {[%clk 0:55:01]} 10. Bxf4 {[%clk 1:32:34]} Nh5 {[%clk 0:52:50]} 11. Be3
{[%clk 1:29:51]} Bc5 {[%clk 0:40:55]} 12. Bxc5 {[%clk 1:23:56]} Nxc5 {[%clk
0:41:17]} 13. Ng5 {[%clk 1:23:54]} c6 {[%clk 0:28:26]} 14. b4 {[%clk 1:20:44]} f6
{[%clk 0:19:53]} 15. Nxe6 {[%clk 1:04:03]} Nxe6 {[%clk 0:20:18]} 16. g3 {[%clk
0:58:57]} Kc7 {[%clk 0:15:33]} 17. Be2 {[%clk 0:58:31]} g6 {[%clk 0:15:59]} 18.
Rhf1 {[%clk 0:58:36]} Rhf8 {[%clk 0:13:21]} 19. Bxh5 {[%clk 0:57:37]} gxh5 {[%clk
0:13:46]} 20. Rf5 {[%clk 0:58:04]} Ng7 {[%clk 0:13:36]} 21. Rf4 {[%clk 0:57:31]}
a5 {[%clk 0:06:58]} 22. b5 {[%clk 0:54:45]} Rae8 {[%clk 0:07:17]} 23. bxc6 {[%clk
0:40:00]} bxc6 {[%clk 0:07:36]} 24. Rdf1 {[%clk 0:40:28]} Re6 {[%clk 0:07:42]}
25. Na4 {[%clk 0:39:26]} Kd6 {[%clk 0:06:31]} 26. Nb6 {[%clk 0:36:21]} Ke7 {[%clk
0:05:21]} 27. Nc4 {[%clk 0:35:45]} a4 {[%clk 0:04:33]} 28. a3 {[%clk 0:29:53]}
Rd8 {[%clk 0:04:25]} 29. e5 {[%clk 0:29:09]} f5 {[%clk 0:04:48]} 30. Kb2 {[%clk
0:26:33]} Rd5 {[%clk 0:04:47]} 31. Kc3 {[%clk 0:25:29]} Rg6 {[%clk 0:03:51]} 32.
Ne3 {[%clk 0:12:50]} Rc5+ {[%clk 0:02:57]} 33. Kd3 {[%clk 0:10:18]} Rxe5 {[%clk
0:03:07]} 34. Nxf5+ {[%clk 0:09:55]} Nxf5 {[%clk 0:03:25]} 35. Rxf5 {[%clk
0:10:23]} Rge6 {[%clk 0:02:21]} 36. Rxe5 {[%clk 0:09:09]} Rxe5 {[%clk 0:02:48]}
37. Rf4 {[%clk 0:09:31]} Ra5 {[%clk 0:02:25]} 38. Kc4 {[%clk 0:06:52]} Rb5 {[%clk
0:02:40]} 39. Kc3 {[%clk 0:06:22]} Rc5+ {[%clk 0:02:44]} 40. Rc4 {[%clk 0:34:25]}
Kd6 {[%clk 0:32:41]} 41. Kb4 {[%clk 0:33:43]} Rb5+ {[%clk 0:29:02]} 42. Kxa4
{[%clk 0:33:33]} Kc7 {[%clk 0:23:08]} 43. Rb4 {[%clk 0:32:27]} Re5 {[%clk
0:20:15]} 44. Kb3 {[%clk 0:32:51]} h6 {[%clk 0:18:57]} 45. a4 {[%clk 0:33:02]}
Re3+ {[%clk 0:17:05]} 46. c3 {[%clk 0:33:25]} Re2 {[%clk 0:13:56]} 47. Rh4 {[%clk
0:33:21]} Re5 {[%clk 0:14:15]} 48. Kb4 {[%clk 0:30:40]} Kb6 {[%clk 0:14:13]} 49.
Rf4 {[%clk 0:25:29]} Rg5 {[%clk 0:11:38]} 50. c4 {[%clk 0:21:09]} c5+ {[%clk
0:05:23]} 51. Kc3 {[%clk 0:21:06]} Ka5 {[%clk 0:04:57]} 52. Rf8 {[%clk 0:17:20]}
h4 {[%clk 0:05:08]} 53. gxh4 {[%clk 0:17:26]} Rh5 {[%clk 0:05:11]} 54. Ra8+
{[%clk 0:11:45]} Kb6 {[%clk 0:05:32]} 55. Rb8+ {[%clk 0:08:32]} Ka5 {[%clk
0:04:27]} 56. Kb3 {[%clk 0:07:25]} Rxh4 {[%clk 0:03:48]} 57. Rb5+ {[%clk
0:07:52]} Ka6 {[%clk 0:04:11]} 58. Rxc5 {[%clk 0:08:20]} Rxh2 {[%clk 0:04:27]}
59. Kb4 {[%clk 0:07:33]} Rb2+ {[%clk 0:04:39]} 60. Kc3 {[%clk 0:08:00]} Rb6
{[%clk 0:04:14]} 61. Rh5 {[%clk 0:07:48]} Rg6 {[%clk 0:04:28]} 62. Kd4 {[%clk
0:07:24]} Kb6 {[%clk 0:04:07]} 63. Kd5 {[%clk 0:06:52]} Kc7 {[%clk 0:03:49]} 64.
c5 {[%clk 0:05:22]} Ra6 {[%clk 0:03:52]} 65. Rh4 {[%clk 0:05:39]} Rg6 {[%clk
0:04:13]} 66. Re4 {[%clk 0:03:35]} Ra6 {[%clk 0:03:21]} 67. Rh4 {[%clk 0:00:59]}
h5 {[%clk 0:03:20]} 68. Rxh5 {[%clk 0:00:59]} Rxa4 {[%clk 0:03:45]} 69. Rh7+
{[%clk 0:01:28]} Kb8 {[%clk 0:02:55]} 70. Kd6 {[%clk 0:01:19]} Rd4+ {[%clk
0:02:22]} 71. Kc6 {[%clk 0:01:30]} Rd1 {[%clk 0:02:15]} 72. Rh8+ {[%clk 0:01:19]}
Ka7 {[%clk 0:02:42]} 73. Kc7 {[%clk 0:01:47]} Rg1 {[%clk 0:02:53]} 74. Rd8 {[%clk
0:01:48]} Rg7+ {[%clk 0:02:12]} 75. Rd7 {[%clk 0:02:10]} Rg8 {[%clk 0:02:24]} 76.
c6 {[%clk 0:02:01]} Rh8 {[%clk 0:02:31]} 77. Re7 {[%clk 0:01:05]} Rg8 {[%clk
0:02:52]} 78. Rd7 {[%clk 0:00:46]} Rh8 {[%clk 0:03:17]} 79. Kd6+ {[%clk 0:00:40]}
Kb8 {[%clk 0:03:30]} 80. Rb7+ {[%clk 0:01:04]} Kc8 {[%clk 0:03:27]} 81. Ra7
{[%clk 0:01:09]} Rh6+ {[%clk 0:03:35]} 82. Kc5 {[%clk 0:01:34]} Rh1 {[%clk
0:03:56]} 83. Ra8+ {[%clk 0:01:52]} Kc7 {[%clk 0:04:21]} 84. Ra7+ {[%clk
0:02:18]} Kc8 {[%clk 0:04:35]} 85. Kb6 {[%clk 0:01:16]} Rb1+ {[%clk 0:04:54]} 86.
Kc5 {[%clk 0:01:43]} 1/2-1/2

[Event "Greek Team Championship"]
[Site "chess24.com"]
[Date "2017.07.05"]
[Round "4"]
[White "Hidzos, Georgios"]
[Black "Kalogridis, Themistoklis"]
[Result "1-0"]
[Board "4"]
[WhiteElo "1873"]
[WhiteCountry "GRE"]
[WhiteFideId "4201647"]
[WhiteEloChange "2"]
[BlackElo "1062"]
[BlackCountry "GRE"]
[BlackFideId "25841475"]
[BlackEloChange "-2"]

1. Nf3 {[%clk 1:30:49]} d5 {[%clk 1:29:25]} 2. d4 {[%clk 1:31:02]} c5 {[%clk
1:29:33]} 3. c4 {[%clk 1:29:05]} dxc4 {[%clk 1:28:34]} 4. d5 {[%clk 1:28:39]} e6
{[%clk 1:28:36]} 5. e4 {[%clk 1:28:11]} exd5 {[%clk 1:28:19]} 6. exd5 {[%clk
1:28:29]} b5 {[%clk 1:28:27]} 7. a4 {[%clk 1:27:45]} b4 {[%clk 1:23:05]} 8. Bxc4
{[%clk 1:28:03]} Be7 {[%clk 1:23:31]} 9. d6 {[%clk 1:27:05]} Qxd6 {[%clk
1:22:29]} 10. Qxd6 {[%clk 1:27:24]} Bxd6 {[%clk 1:22:49]} 11. Bd5 {[%clk
1:27:46]} Nf6 {[%clk 1:21:45]} 12. Bxa8 {[%clk 1:28:03]} O-O {[%clk 1:21:50]} 13.
Be3 {[%clk 1:26:58]} Ba6 {[%clk 1:20:40]} 14. Nbd2 {[%clk 1:27:15]} c4 {[%clk
1:20:36]} 15. Rc1 {[%clk 1:27:20]} Rc8 {[%clk 1:20:20]} 16. Nd4 {[%clk 1:26:45]}
c3 {[%clk 1:13:39]} 17. bxc3 {[%clk 1:27:05]} bxc3 {[%clk 1:13:10]} 18. Ne4
{[%clk 1:27:20]} Bd3 {[%clk 1:11:26]} 19. Nxd6 {[%clk 1:27:24]} 1-0

[Event "Greek Team Championship"]
[Site "chess24.com"]
[Date "2017.07.05"]
[Round "4"]
[White "Amiridou, Dimitra"]
[Black "Ivanova, Simoneta"]
[Result "0-1"]
[Board "5"]
[WhiteElo "1803"]
[WhiteCountry "GRE"]
[WhiteFideId "4218230"]
[WhiteEloChange "-2"]
[BlackElo "2158"]
[BlackTitle "WFM"]
[BlackCountry "BUL"]
[BlackFideId "2900548"]
[BlackEloChange "2"]

1. e4 {[%clk 1:30:56]} c5 {[%clk 1:30:51]} 2. Nf3 {[%clk 1:30:58]} e6 {[%clk
1:31:13]} 3. c3 {[%clk 1:31:05]} d5 {[%clk 1:31:11]} 4. e5 {[%clk 1:21:40]} Nc6
{[%clk 1:26:38]} 5. d4 {[%clk 1:17:45]} Qb6 {[%clk 1:24:28]} 6. Bd3 {[%clk
0:57:19]} cxd4 {[%clk 1:19:38]} 7. cxd4 {[%clk 0:57:24]} Bd7 {[%clk 1:19:45]} 8.
Bc2 {[%clk 0:55:24]} Nb4 {[%clk 1:11:32]} 9. Nc3 {[%clk 0:49:25]} Nxc2+ {[%clk
1:09:32]} 10. Qxc2 {[%clk 0:49:42]} Rc8 {[%clk 1:09:30]} 11. Be3 {[%clk 0:46:51]}
Ne7 {[%clk 1:04:49]} 12. O-O {[%clk 0:44:36]} Nc6 {[%clk 1:02:52]} 13. a3 {[%clk
0:44:49]} Na5 {[%clk 0:58:39]} 14. Nd2 {[%clk 0:40:57]} Be7 {[%clk 0:58:24]} 15.
Rac1 {[%clk 0:29:34]} O-O {[%clk 0:57:21]} 16. b4 {[%clk 0:28:54]} Nc4 {[%clk
0:56:33]} 17. Nxc4 {[%clk 0:26:30]} Rxc4 {[%clk 0:56:44]} 18. Qd2 {[%clk
0:21:20]} a5 {[%clk 0:51:00]} 19. Na2 {[%clk 0:16:52]} Rfc8 {[%clk 0:34:49]} 20.
bxa5 {[%clk 0:16:22]} Qb3 {[%clk 0:33:36]} 21. Nb4 {[%clk 0:10:49]} Qxa3 {[%clk
0:27:28]} 22. Nd3 {[%clk 0:10:42]} Rxc1 {[%clk 0:23:28]} 23. Rxc1 {[%clk
0:11:07]} Rxc1+ {[%clk 0:23:48]} 24. Nxc1 {[%clk 0:11:32]} Bb4 {[%clk 0:23:39]}
25. Qe2 {[%clk 0:11:56]} Bxa5 {[%clk 0:22:43]} 26. Qg4 {[%clk 0:11:10]} Bb4
{[%clk 0:17:36]} 27. h4 {[%clk 0:05:23]} Bf8 {[%clk 0:17:43]} 28. Qg5 {[%clk
0:03:33]} b5 {[%clk 0:15:14]} 29. Qd8 {[%clk 0:03:57]} Qe7 {[%clk 0:14:39]} 30.
Qc7 {[%clk 0:03:35]} b4 {[%clk 0:08:23]} 31. Bg5 {[%clk 0:03:23]} Qe8 {[%clk
0:08:51]} 32. Qb7 {[%clk 0:03:37]} Qc8 {[%clk 0:07:09]} 33. Qb6 {[%clk 0:03:37]}
Ba4 {[%clk 0:05:36]} 34. Qa5 {[%clk 0:03:28]} b3 {[%clk 0:03:08]} 35. Nd3 {[%clk
0:03:14]} Qc6 {[%clk 0:02:14]} 36. Nb2 {[%clk 0:02:29]} Bb5 {[%clk 0:02:25]} 37.
Qd8 {[%clk 0:02:33]} Qe8 {[%clk 0:02:37]} 38. Qc7 {[%clk 0:02:46]} h6 {[%clk
0:02:32]} 39. Be3 {[%clk 0:02:47]} Qc6 {[%clk 0:01:30]} 40. Qa5 {[%clk 0:32:25]}
Qc2 {[%clk 0:30:51]} 41. Qa1 {[%clk 0:28:42]} Bb4 {[%clk 0:26:47]} 42. Nd1 {[%clk
0:21:15]} Be2 {[%clk 0:24:03]} 43. Nb2 {[%clk 0:11:05]} Bc3 {[%clk 0:23:46]} 44.
Qa8+ {[%clk 0:11:14]} Kh7 {[%clk 0:24:11]} 45. Qf8 {[%clk 0:11:29]} Bxb2 {[%clk
0:22:37]} 46. Bxh6 {[%clk 0:10:16]} Qg6 {[%clk 0:22:48]} 0-1

[Event "Greek Team Championship"]
[Site "chess24.com"]
[Date "2017.07.05"]
[Round "4"]
[White "Mastrakouli, Evagelia"]
[Black "Tsolaki, Eleni"]
[Result "1-0"]
[Board "6"]
[WhiteElo "1783"]
[WhiteCountry "GRE"]
[WhiteFideId "4229347"]
[WhiteEloChange "10"]
[BlackElo "1766"]
[BlackCountry "GRE"]
[BlackFideId "4218892"]
[BlackEloChange "-10"]

1. d4 {[%clk 1:30:54]} Nf6 {[%clk 1:30:49]} 2. c4 {[%clk 1:30:55]} e6 {[%clk
1:31:05]} 3. Nc3 {[%clk 1:31:13]} Bb4 {[%clk 1:31:15]} 4. e3 {[%clk 1:31:33]} b6
{[%clk 1:31:10]} 5. Ne2 {[%clk 1:31:25]} Bb7 {[%clk 1:30:53]} 6. a3 {[%clk
1:30:56]} Be7 {[%clk 1:31:16]} 7. d5 {[%clk 1:30:54]} O-O {[%clk 1:25:00]} 8. Ng3
{[%clk 1:30:23]} d6 {[%clk 1:18:21]} 9. Be2 {[%clk 1:29:47]} Nbd7 {[%clk
1:14:32]} 10. O-O {[%clk 1:28:59]} a5 {[%clk 1:09:16]} 11. Rb1 {[%clk 1:16:21]}
Ba6 {[%clk 1:01:45]} 12. e4 {[%clk 1:09:35]} Re8 {[%clk 0:48:43]} 13. f4 {[%clk
0:58:01]} exd5 {[%clk 0:38:58]} 14. exd5 {[%clk 0:55:36]} Bf8 {[%clk 0:38:22]}
15. b4 {[%clk 0:52:42]} g6 {[%clk 0:35:07]} 16. Bd3 {[%clk 0:46:40]} Bg7 {[%clk
0:34:00]} 17. Bb2 {[%clk 0:46:46]} Re7 {[%clk 0:30:55]} 18. Rf3 {[%clk 0:27:25]}
Ng4 {[%clk 0:28:21]} 19. Nce2 {[%clk 0:25:47]} Re3 {[%clk 0:18:15]} 20. Rxe3
{[%clk 0:22:40]} Nxe3 {[%clk 0:18:44]} 21. Qc1 {[%clk 0:22:34]} Bxb2 {[%clk
0:18:14]} 22. Rxb2 {[%clk 0:22:36]} Nxd5 {[%clk 0:16:42]} 23. b5 {[%clk 0:21:39]}
Nc5 {[%clk 0:16:42]} 24. Bb1 {[%clk 0:20:26]} Na4 {[%clk 0:12:08]} 25. Rd2 {[%clk
0:19:42]} Ne3 {[%clk 0:01:47]} 26. bxa6 {[%clk 0:19:57]} Nc5 {[%clk 0:02:13]} 27.
Rb2 {[%clk 0:14:51]} Qe8 {[%clk 0:01:59]} 28. Nd4 {[%clk 0:14:42]} Ng4 {[%clk
0:01:35]} 29. Re2 {[%clk 0:13:16]} Qa4 {[%clk 0:01:52]} 30. Nb5 {[%clk 0:12:02]}
Nxa6 {[%clk 0:00:35]} 31. Be4 {[%clk 0:10:51]} Rc8 {[%clk 0:00:32]} 32. Bb7
{[%clk 0:11:07]} Nc5 {[%clk 0:00:38]} 33. Bxc8 {[%clk 0:11:07]} Nd3 {[%clk
0:00:10]} 34. Re8+ {[%clk 0:10:44]} 1-0